| 000 | 00516nam a22001937a 4500 | ||
|---|---|---|---|
| 005 | 20260515114901.0 | ||
| 008 | 210312b ||||| |||| 00| 0 eng d | ||
| 020 | _a9789385756108 | ||
| 040 |
_aIN-DiNC _cIN-DiNC |
||
| 041 | _deng | ||
| 082 |
_a370.54 _bTAL |
||
| 100 |
_aTaloh, Tasi _eauthor |
||
| 245 |
_aModern trends and issues in Indian education / _cby Tasi Taloh |
||
| 250 | _a1st ed. | ||
| 260 |
_aDelhi: _bBalaji publications, _c2016 |
||
| 300 | _a273p. | ||
| 650 | _aIndian education | ||
| 942 |
_2ddc _cBK |
||
| 999 |
_c11143 _d11143 |
||